Implementación de una herramienta para el control de dispositivos por medio de códigos de barras
Guardat en:
| Autor principal: | |
|---|---|
| Altres autors: | |
| Format: | Llibre |
| Idioma: | Spanish |
| Publicat: |
[San José], Costa Rica
2014
|
| Matèries: | |
| Etiquetes: |
Afegir etiqueta
Sense etiquetes, Sigues el primer a etiquetar aquest registre!
|
MARC
| LEADER | 00000nam a22000007a 4500 | ||
|---|---|---|---|
| 003 | 012375 | ||
| 005 | 20230912154829.0 | ||
| 008 | 160628b2014 cr a|||| |||| 00| ||spa d | ||
| 040 | |c cru CEDI | ||
| 090 | |a TFG 7533 | ||
| 100 | |9 1494 |a Roldán Jiménez, Oscar Antonio , 1990- | ||
| 245 | |a Implementación de una herramienta para el control de dispositivos por medio de códigos de barras | ||
| 260 | |a [San José], Costa Rica |c 2014 | ||
| 300 | |a xi, 27 hojas; ilustraciones | ||
| 500 | |a Proyecto de graduación (bachillerato en ingeniería eléctrica)--Universidad de Costa Rica. Facultad de Ingeniería. Escuela de Ingeniería Eléctrica | ||
| 501 | |a Profesor Guía de IE-0499 Proyecto Eléctrico: Ing. Gustavo Núñez Segura | ||
| 650 | |x SISTEMAS DE CONTROL DIGITAL |x BASES DE DATOS WEB |x CODIGO DE BARRAS |x RUBY ON RAILS (RECURSO ELECTRONICO) |x CONTROL DE INVENTARIOS |9 5140 | ||
| 700 | |9 918 |a Núñez Segura, Gustavo, 1990- |d Director de Proyecto Eléctrico | ||
| 942 | |c CEDI | ||
| 999 | |c 16956 |d 16956 | ||
